Desechos de naranja y poder político /

Gespeichert in:
Bibliographische Detailangaben
1. Verfasser: Volio, Fabián
Format: Text
Schlagworte:
Tags: Tag hinzufügen
Keine Tags, Fügen Sie den ersten Tag hinzu!

MARC

LEADER 00000 a a2200000 04500
001 577
003
040
100 |a Volio, Fabián  
245 |a Desechos de naranja y poder político /  |c Fabián Volio 
650 |a DESPERDICIOS  
650 |a POLITICA  
650 |a MEDIO AMBIENTE  
650 |a LEGISLACION  
650 |a CONVENIOS  
650 |a CONTAMINACION  
773 |g número 68; páginas 1-7  
999 |c 30105  |d 30105